Maternidad subrogada: un análisis juridico social / (Registro nro. 5985)

Detalles MARC
000 -LEADER
fixed length control field 01728nam a2200241 4500
001 - CONTROL NUMBER
control field 0000000617
005 - DATE AND TIME OF LATEST TRANSACTION
control field 20250329165509.0
008 - FIXED-LENGTH DATA ELEMENTS--GENERAL INFORMATION
fixed length control field 170718s2016 000 0 eng d
040 ## - CATALOGING SOURCE
Original cataloging agency CO-CtgCURN
Language of cataloging spa
Transcribing agency coctgcurn
082 0# - DEWEY DECIMAL CLASSIFICATION NUMBER
Classification number TSO 2016
Item number B333
100 1# - MAIN ENTRY--PERSONAL NAME
Personal name Batista Díaz, Brislay Brigith.
245 10 - TITLE STATEMENT
Title Maternidad subrogada: un análisis juridico social /
Statement of responsibility, etc. Brislay Brigith Batista Díaz; Tatiana Bossio Venecia; Directora: Rosmery Flórez Joya.
260 ## - PUBLICATION, DISTRIBUTION, ETC.
Place of publication, distribution, etc. Cartagena de Indias :
Name of publisher, distributor, etc. Corporación Universitaria Rafael Nuñez,
Date of publication, distribution, etc. 2016.
504 ## - BIBLIOGRAPHY, ETC. NOTE
Bibliography, etc. note Trabajo de grado (Trabajadora social). Corporación Universitaria Rafael Nuñez. Facultad de Ciencias sociales y humanas. Trabajo social, 2019.
520 ## - SUMMARY, ETC.
Summary, etc. El siguiente proyecto de Investigación pretende dar a conocer una realidad que se vive en nuestro pais y que pocas veces sale a la luz, por tal motivo es posible realizarlo de forma interdisciplinar donde por un lado se encuentra el programa de trabajo social analizando una serie de caracteristicas que fundamentan la tematica de la maternidad subrogada, y por otro lado se encuentra la asesoria del programa de derecho analizando la parte legal que aun no se encuentra clara en nuestro pais con respecto a dicha practica.
650 #0 - SUBJECT ADDED ENTRY--TOPICAL TERM
Topical term or geographic name entry element Trabajo social
General subdivision Tesis y disertaciones academicas.
700 1# - ADDED ENTRY--PERSONAL NAME
Personal name Batista Díaz, Brislay Brigith.
700 1# - ADDED ENTRY--PERSONAL NAME
Personal name Bossio Venecia, Tatiana.
700 1# - ADDED ENTRY--PERSONAL NAME
Personal name Flórez Joya, Rosmery,
Titles and other words associated with a name Directora.
856 ## - ELECTRONIC LOCATION AND ACCESS
Uniform Resource Identifier <a href="https://unicurn.sharepoint.com/:b:/s/biblioteca/EQ5iww_v__xCt_QlIXuw3i8B_lDd-Qiibjgh9BDfFg3bXQ?e=UCWREh">https://unicurn.sharepoint.com/:b:/s/biblioteca/EQ5iww_v__xCt_QlIXuw3i8B_lDd-Qiibjgh9BDfFg3bXQ?e=UCWREh</a>
Public note Click aqui para ver el recurso en texto completo
942 ## - ADDED ENTRY ELEMENTS (KOHA)
Classification part TSO 2016
Item part B333
Source of classification or shelving scheme Dewey Decimal Classification
Koha item type Trabajos de grado
Existencias
Withdrawn status Lost status Damaged status Not for loan Collection Home library Current library Shelving location Date acquired Cost, normal purchase price Inventory number Total checkouts Full call number Barcode Date last seen Price effective from Koha item type
        Trabajos de grado Miguel Henríquez Castañeda Miguel Henríquez Castañeda Trabajo de grado 09/23/2018 35000.00 021837   TSO 2016 B333 021837 03/29/2025 03/29/2025 Trabajos de grado